Business Logistics : Supply Chain Management : Planning, Organizing, and Controlling the Supply Chain /

Guardado en:
Bibliografiske detaljer
Hovedforfatter: Ballou, Ronald H. (autor)
Format: Bog
Sprog:engelsk
Udgivet: Nueva Jersey, EUA : Pearson : Prentice-Hall, 2004, c2004
Udgivelse:5a edición
Fag:
Tags: Tilføj Tag
Ingen Tags, Vær først til at tagge denne postø!

MARC

LEADER 00000nam^a2200000^a^4500
001 000165230
005 20250521000000.0
009 20260310101011.411
020 |a 0-13-066184-8 
037 |a Acervo ITESO - Biblioteca 
041 |a ING 
082 |a 658. 72  |b BAL 
100 |a Ballou, Ronald H.  |e (autor) 
245 1 0 |a Business Logistics :  |b Supply Chain Management : Planning, Organizing, and Controlling the Supply Chain /  |c R.H. Ballou. 
250 |a 5a edición 
264 4 |a Nueva Jersey, EUA :  |b Pearson :  |b Prentice-Hall,  |c 2004, c2004 
300 |a XXII, 789 p. +  |e 1 disco compacto de computadora 
336 |a texto  |b txt  |2 rdacontenido 
337 |a sin mediación  |b n  |2 rdamedio 
338 |a volumen  |b nc  |2 rdasoporte 
649 |a XX 
650 |a Producto (Mezcla de Mercadotecnia) 
650 |a Administración del Producto 
650 |a Compras de Material -  |x Planeación 
650 |a Compras de Material -  |x Administración 
650 |a Traslado de Mercancías 
650 |a Transporte de Carga 
650 |a Distribución del Producto -  |x Administración 
650 |a Costos de Operación 
650 |a Planeación Estratégica 
650 |a Planeación Administrativa 
650 |a Administración del Producto 
650 |a Proceso Administrativo 
650 |a Administración 
650 |a Ciencias Administrativas 
910 |a Fondo General 
920 |a Impresos - Libros 
930 |a Colección General 
905 |a 101 
901 |a 0500099383  |b IT1  |c ACC  |u 20250521 
901 |a 0500099380  |b IT1  |c ACC  |u 20250521 
901 |a 0500099738  |b IT2  |c SWS  |u 20250521 
901 |a 0500099735  |b IT2  |c SWS  |u 20250521 
902 |a https://opac.biblio.iteso.mx/vufind/Record/000165230